000 00305nam a22001337a 4500
008 170922b xxu||||| |||| 00| 0 eng d
020 _a9780801303616
041 _aeng
080 _a37
100 _a46
101 _aEDU
245 _aRESEARCH METHODS FOR SOCIAL WORKERS
_cYEGIDIS,B.L
942 _2udc
_cBK
999 _c29122
_d29122